Associa il nome, al cognome del cantante italiano - Statistics

Statistiche generali
  • Questo quiz è stato fatto 350 volte
  • Il punteggio medio è 86 su 131
Statistiche sulle risposte
Hint Risposta % Corretto
Adriano Celentano
98%
Alessandra Amoroso
97%
Achille Lauro
96%
Angelina Mango
95%
Eros Ramazzotti
92%
Cesare Cremonini
91%
Ermal Meta
91%
Fabri Fibra
90%
Emis Killa
90%
Antonello Venditti
90%
Gigi D'alessio
89%
Cristina D'avena
89%
Gianna Nannini
89%
Fiorella Mannoia
88%
Giusy Ferreri
87%
Francesca Michielin
87%
Laura Pausini
87%
Aka 7even
86%
Claudio Baglioni
86%
Alex Britti
86%
Dargen D'amico
86%
Iva Zanicchi
85%
Orietta Berti
84%
Damiano David
84%
Gianni Morandi
83%
Capo Plaza
83%
Ornella Vanoni
83%
Edoardo Bennato
82%
Bello Figo
82%
Malika Ayane
81%
Marcella Bella
81%
Andrea Bocelli
81%
Fred De Palma
81%
Brunori Sas
81%
Jake La Furia
80%
Fausto Leali
80%
Renato Zero
80%
Leo Gassmann
79%
Anna Tatangelo
79%
Lorella Cuccarini
78%
Sfera Ebbasta
78%
Tiziano Ferro
78%
Patty Pravo
78%
Donatella Rettore
78%
Vasco Rossi
78%
Carmen Consoli
77%
Lucio Corsi
77%
Gino Paoli
77%
Romina Power
77%
Massimo Ranieri
77%
Rose Villain
77%
Tony Effe
76%
Irene Grandi
76%
Gianluca Grignani
76%
Piero Pelù
76%
Frah Quintale
76%
Artie 5ive
75%
Bianca Atzei
75%
Rocco Hunt
75%
Cristiano Malgioglio
74%
Marco Mengoni
74%
Fabio Rovazzi
74%
Nina Zilli
74%
Boro Boro
73%
Rosa Chemical
73%
Lorenzo Fragola
72%
Umberto Tozzi
72%
M¥SS KETA
71%
Manuel Agnelli
70%
Serena Brancale
70%
Willie Peyote
70%
Michele Bravi
69%
Riccardo Cocciante
69%
Nino D'Angelo
69%
Sal Da Vinci
69%
Loretta Goggi
68%
Fabrizio Moro
68%
Tommaso Paradiso
68%
Mara Sattei
68%
Ivana Spagna
68%
Max Gazzè
66%
Sarah Toscano
65%
Simone Cristicchi
64%
Gigliola Cinquetti
63%
Baby Gang
63%
Roberto Vecchioni
62%
Simba La Rue
61%
Mondo Marcio
61%
Valerio Scanu
61%
Lodovica Comello
60%
Francesco De Gregori
60%
Kid Yugi
60%
Joan Thiele
58%
Samuele Bersani
55%
Enrico Nigiotti
54%
Niky Savage
54%
Federica Carta
53%
Daniele Silvestri
52%
Niko Pandetta
51%
Angelo Branduardi
50%
Luca Barbarossa
49%
Diss Gacha
48%
Raphael Gualazzi
47%
Nerissima Serpe
47%
Red Canzian
45%
Noyz Narcos
43%
Matteo Paolillo
42%
Dani Faiv
41%
Side Baby
40%
Junior Cally
40%
Nello Taver
40%
Neima Ezza
39%
Giovanni Caccamo
38%
Hell Raton
37%
Silent Bob
36%
Gio Evan
36%
Don Pero
36%
Icy Subzero
35%
Paolo Conte
34%
Niccolò Fabi
34%
Frankie Hi-nrg
34%
Leon Faun
30%
Vale Pain
30%
Enzo Dong
27%
Giorgio Vanni
25%
Margherita Vicario
25%
Vaz
23%
Nicola Siciliano
20%
Samuel Heron
13%
Tenth Sky
10%
Lil Busso
6%
Nessun quiz corrispondente trovato
Distribuzione punteggi
Percentuale di utenti per punteggio
Percentile per numero di risposta
I tuoi punteggi nel tempo
Non hai fatto questo quiz